Environmental Sustainability: (Record no. 93)

MARC details
000 -LEADER
fixed length control field 00748nam a22002297a 4500
005 - DATE AND TIME OF LATEST TRANSACTION
control field 20230110074916.0
008 - FIXED-LENGTH DATA ELEMENTS--GENERAL INFORMATION
fixed length control field 230110b |||||||| |||| 00| 0 eng d
020 ## - INTERNATIONAL STANDARD BOOK NUMBER
International Standard Book Number 9781904364818
040 ## - CATALOGING SOURCE
Original cataloging agency KMU
Transcribing agency KMU
050 ## - LIBRARY OF CONGRESS CALL NUMBER
Classification number HC 79.E5 Env 2009
100 ## - MAIN ENTRY--PERSONAL NAME
Personal name Blackman, Rachel
245 ## - TITLE STATEMENT
Title Environmental Sustainability:
Remainder of title Responding to Changes in the environment and Climate/
Statement of responsibility, etc. edited by Rachael Blackman,Isabel Carter,Jude Collins,Sarah Sarah Shaw,Mike Wiggins and Sarah Wiggins.
260 ## - PUBLICATION, DISTRIBUTION, ETC.
Place of publication, distribution, etc. UK:
Name of publisher, distributor, etc. Tearfund,
Date of publication, distribution, etc. 2009.
300 ## - PHYSICAL DESCRIPTION
Extent 96 pages.:
Other physical details ill.;
Dimensions 29cm.
700 ## - ADDED ENTRY--PERSONAL NAME
Personal name Blackman Rachael,
700 ## - ADDED ENTRY--PERSONAL NAME
Personal name Carter Isabel,
700 ## - ADDED ENTRY--PERSONAL NAME
Personal name Collins Jude,
700 ## - ADDED ENTRY--PERSONAL NAME
Personal name Shaw Sarah,
700 ## - ADDED ENTRY--PERSONAL NAME
Personal name Wiggins Mike,
700 ## - ADDED ENTRY--PERSONAL NAME
Personal name Wiggins Sarah.
942 ## - ADDED ENTRY ELEMENTS (KOHA)
Source of classification or shelving scheme Library of Congress Classification
Koha item type Non-Fiction
Suppress in OPAC No
Holdings
Withdrawn status Lost status Source of classification or shelving scheme Damaged status Not for loan Collection Home library Current library Shelving location Date acquired Source of acquisition Total Checkouts Full call number Barcode Date last seen Date last checked out Price effective from Koha item type
    Library of Congress Classification     Non-fiction Kapasa Makasa University Kapasa Makasa University Open Access 10.01.2023 Book Aid International 1 HC 79.E5 Env 2009 748382 08.06.2023 08.06.2023 10.01.2023 Non-Fiction